1205 1563 1114 1220 1105 1645 1321 1076 1153 1500 1640 1587 1377 1321 1825 1328 1288 1060 1687 1462 1141 1651 1753 1559 1398 1035 1332 1301 1373 1791 1326 1228 1009 1016 1570 1488 1585 1174 1867 1245 1793 1302 1903 1835 1225 1474 1745 1165 1991 1450 1660 1273 1078 1582 1180 1210 1107 1097 1114 1286 1557 1891 1462 1055 1237 1014 1445 1140 1734 1469 1550 1887 1190 1667 1915 1644 1714 1774 1590 1629 1335 1724 1930 1304 1588 1577 1451 1795 1446 1947 1415 1833 1125 1304 1435 1543 1576 1551 1130 BCNSPRNW ULIB Ver.6.0+V

เปลี่ยนเป็นภาษาไทย

Change to English
 แสดงรายละเอียดบรรณานุกรม
  กลับหน้าหลัก

Brief Record : Get Marc (ISO 2709) : E-mail record : QR code < ปิดหน้าต่าง
LEADER : 00000nam 2200000uu 4500
001    13399113730
003     ULIB
008    111220s2546||||th 000 0 tha d
020    ^a9749145410
060 04 ^aWA292^bอ292ก 2546
100 0  ^aอรวรรณ แก้วบุญชู
245 00 ^aการปฐมพยาบาลในสถานประกอบการ /^cอรวรรณ แก้วบุญชู ...[และคนอื่นๆ]
250    ^aพิมพ์ครั้งที่ 1
260    ^aกรุงเทพฯ :^bอรุณการพิมพ์,^c2546
300    ^a98 หน้า :^bภาพประกอบ ;^c21 ซม.
650  7 ^aปฐมพยาบาล
650  7 ^aสถานประกอบการ
700 0  ^aอสุลี ทองวเชียร
700 0  ^aสมพร เตรียมชัยศรี
700 0  ^aอาภาพร เผ่าวัฒนา
945    ^p90^l0^i24777
995    ^aกัณชพร
999    ^aใช้งานได้ทุกระบบ
รายการนี้ยังไม่มีแท็ก
คุณยังไม่ได้ล็อกอิน คุณสามารถมีกิจกรรมร่วมกับเว็บไซต์ได้ แต่ต้องล็อกอินก่อน ::
  ล็อกอิน

รายการสื่อสารสนเทศ

ลำดับที่ ประเภท เลขเรียก/บาร์โค้ด สถานที่ สถานะ
- ไม่พบข้อมูล -

รายการใกล้เคียง
    หัวเรื่อง [ปฐมพยาบาล]

BibComment


ยังไม่เคยถูกคอมเมนท์

คอมเมนท์ทรัพยากรรายการนี้
  คอมเมนท์: การปฐมพยาบาลในสถ..


 Copyright 2026. Bcnsprnw @Library